Diccionario Griego-Español: a/k

Guardado en:
書目詳細資料
格式: 圖書
語言:Undetermined
出版: Barcelona, España Editorial Ramon Sopena 1998
主題:
標簽: 添加標簽
沒有標簽, 成為第一個標記此記錄!

MARC

LEADER 00000nam a2200000Ia 4500
008 170316s9999 xx 000 0 und d
040 |a cru BVZT 
090 |a REF 
245 |a Diccionario Griego-Español: a/k 
260 |a Barcelona, España 
260 |b Editorial Ramon Sopena 
260 |c 1998 
300 |a 821 páginas Vol. 1. 
650 |a REFERENCIA 
942 |c REF 
999 |c 14607  |d 14607